[Event "Reykjavik op"]
[Site "Reykjavik"]
[Date "2024.03.21"]
[Round "9"]
[White "Gikas, Andreas Basilius"]
[Black "Solsker, Tummas Martin"]
[Result "1-0"]
[WhiteElo "2104"]
[BlackElo "1897"]
[PlyCount "127"]
[EventDate "2024.03.15"]
[EventType "swiss"]
[EventRounds "9"]
[EventCountry "ISL"]
[SourceTitle "CB13_2024"]
[SourceDate "2024.03.27"]
[SourceVersion "1"]
[SourceVersionDate "2024.03.27"]
[SourceQuality "1"]

1. e4 e5 2. Nf3 Nf6 3. Nc3 Bb4 4. Nxe5 0-0 5. Be2 Re8 6. Nd3 Bxc3 7. dxc3 Nxe4 8. Nf4 d6 9. 0-0 Nc6 10. c4 Bf5 11. f3 Nc5 12. Rf2 h6 13. Bf1 a5 14. a4 Nb4 15. c3 Nc6 16. Nd5 Ne5 17. Rd2 c6 18. Ne3 Qb6 19. b4 Nxa4 20. c5 Nxc5 21. bxc5 Qxc5 22. Rf2 Bg6 23. Qd4 Nd3 24. Bxd3 Qxd4 25. cxd4 Bxd3 26. Rfa2 b6 27. Ra3 Bg6 28. Nc4 Re1+ 29. Kf2 Rae8 30. Be3 Rxa1 31. Rxa1 Rb8 32. Nxd6 Bc2 33. Nc4 Bd3 34. Ne5 Bb5 35. Rc1 c5 36. dxc5 bxc5 37. Bxc5 Re8 38. Nc4 a4 39. Ne3 Rd8 40. Rc2 Rd3 41. Nc4 Rd1 42. Na3 Ba6 43. Be3 Rd3 44. Bc1 h5 45. h4 Rd4 46. Rc6 Bd3 47. Ke3 Rd5 48. g3 Bf1 49. Rc8+ Kh7 50. Ra8 Rc5 51. Bd2 Re5+ 52. Kd4 Re2 53. Be3 Bg2 54. Rxa4 Bxf3 55. Ra5 Bg4 56. Nc4 f6 57. Bf4 Re1 58. Ne3 Bf3 59. Ra7 Kg8 60. Nf5 g5 61. hxg5 fxg5 62. Bxg5 Rb1 63. Nh6+ Kf8 64. Rf7+ 1-0

[Event "Reykjavik op"]
[Site "Reykjavik"]
[Date "2024.03.20"]
[Round "8"]
[White "Solsker, Tummas Martin"]
[Black "Perchard, Matthew"]
[Result "1-0"]
[WhiteElo "1897"]
[BlackElo "1724"]
[PlyCount "57"]
[EventDate "2024.03.15"]
[EventType "swiss"]
[EventRounds "9"]
[EventCountry "ISL"]
[SourceTitle "CB13_2024"]
[SourceDate "2024.03.27"]
[SourceVersion "1"]
[SourceVersionDate "2024.03.27"]
[SourceQuality "1"]

1. d4 Nf6 2. Nf3 e6 3. Bf4 d5 4. e3 Bd6 5. Bg3 c5 6. Nbd2 0-0 7. c3 Qc7 8. Bd3 Nbd7 9. Qe2 c4 10. Bc2 b5 11. e4 dxe4 12. Nxe4 Bxg3 13. hxg3 Qd8 14. Ne5 Nxe4 15. Qxe4 f5 16. Qxa8 Nxe5 17. dxe5 Qc7 18. 0-0-0 b4 19. Qf3 a5 20. g4 g6 21. gxf5 exf5 22. Qd5+ Kh8 23. Qd6 Qg7 24. e6 bxc3 25. bxc3 Re8 26. e7 Qf7 27. Qe5+ Kg8 28. Rd8 h5 29. Ba4 1-0

[Event "Reykjavik op"]
[Site "Reykjavik"]
[Date "2024.03.17"]
[Round "4"]
[White "Solsker, Tummas Martin"]
[Black "Kazarian, Anna Maja"]
[Result "0-1"]
[WhiteElo "1897"]
[BlackElo "2206"]
[PlyCount "80"]
[EventDate "2024.03.15"]
[EventType "swiss"]
[EventRounds "9"]
[EventCountry "ISL"]
[SourceTitle "CB13_2024"]
[SourceDate "2024.03.27"]
[SourceVersion "1"]
[SourceVersionDate "2024.03.27"]
[SourceQuality "1"]

1. d4 d5 2. Nf3 Nf6 3. Bf4 e6 4. e3 c5 5. c3 Nc6 6. Nbd2 Nh5 7. Bg5 Qb6 8. dxc5 Bxc5 9. b4 Bd6 10. Nc4 Qc7 11. Nxd6+ Qxd6 12. Bb5 0-0 13. 0-0 f5 14. Nd4 Nf6 15. Bxf6 Rxf6 16. f4 e5 17. Nf3 exf4 18. exf4 Qxf4 19. Qxd5+ Be6 20. Qc5 Rc8 21. Rae1 b6 22. Qf2 Bd5 23. a3 Rg6 24. Re3 h5 25. Rfe1 Be4 26. Bd3 Rf8 27. Bxe4 fxe4 28. Kh1 exf3 29. Rxf3 Qb8 30. Rxf8+ Qxf8 31. Qa2+ Kh7 32. b5 Ne5 33. Qe2 Ng4 34. h3 Nf2+ 35. Kh2 Qf4+ 36. Kg1 Nxh3+ 37. Kh1 Nf2+ 38. Kg1 Ng4 39. Qe4 Qf2+ 40. Kh1 Nf6 0-1

[Event "Reykjavik op"]
[Site "Reykjavik"]
[Date "2024.03.16"]
[Round "3"]
[White "Bernard, Christophe1"]
[Black "Solsker, Tummas Martin"]
[Result "0-1"]
[WhiteElo "1728"]
[BlackElo "1897"]
[PlyCount "85"]
[EventDate "2024.03.15"]
[EventType "swiss"]
[EventRounds "9"]
[EventCountry "ISL"]
[SourceTitle "CB13_2024"]
[SourceDate "2024.03.27"]
[SourceVersion "1"]
[SourceVersionDate "2024.03.27"]
[SourceQuality "1"]

1. Nf3 d5 2. b4 Nf6 3. Bb2 e6 4. a3 Be7 5. e3 0-0 6. Be2 b6 7. 0-0 Bb7 8. d3 Nbd7 9. Nbd2 c5 10. b5 Qc7 11. c4 Rad8 12. Qc2 Bd6 13. Rfd1 Rfe8 14. a4 e5 15. cxd5 Nxd5 16. Nc4 Bf8 17. Ng5 Be7 18. Ne4 f5 19. Ned2 Bf6 20. a5 Nf8 21. Qb3 Kh8 22. axb6 axb6 23. Ra7 Qb8 24. Rda1 Ng6 25. Bh5 Rf8 26. Bxg6 hxg6 27. g3 Nb4 28. Bxe5 Bxe5 29. Rxb7 Qxb7 30. Nxe5 Rf6 31. Ndc4 Kh7 32. d4 g5 33. f3 Qe7 34. Rb1 Re6 35. Kf2 f4 36. gxf4 gxf4 37. e4 Rxd4 38. Rd1 Rxd1 39. Qxd1 Rxe5 40. Nxe5 Qxe5 41. Qf1 Qd4+ 42. Kg2 Nc2 43. Kh1 0-1

[Event "Reykjavik op"]
[Site "Reykjavik"]
[Date "2024.03.16"]
[Round "2"]
[White "Solsker, Tummas Martin"]
[Black "Stanford, Sheila Barth"]
[Result "0-1"]
[WhiteElo "1897"]
[BlackElo "2123"]
[PlyCount "50"]
[EventDate "2024.03.15"]
[EventType "swiss"]
[EventRounds "9"]
[EventCountry "ISL"]
[SourceTitle "CB13_2024"]
[SourceDate "2024.03.27"]
[SourceVersion "1"]
[SourceVersionDate "2024.03.27"]
[SourceQuality "1"]

1. d4 d5 2. Nf3 Nf6 3. Bf4 e6 4. e3 c5 5. c3 Nc6 6. Bd3 Nh5 7. Bg5 Qb6 8. Qc2 cxd4 9. exd4 f6 10. Be3 g6 11. Nbd2 Bd7 12. 0-0 Rc8 13. a3 Qc7 14. Rfe1 Kf7 15. Rac1 Nf4 16. Bf1 g5 17. g3 Ng6 18. h3 Kg7 19. Kg2 h5 20. Bd3 Nce7 21. Rh1 Nf5 22. Nf1 Bd6 23. c4 dxc4 24. Qxc4 g4 25. N3d2 Qd8 0-1

[Event "Klaksvik Kjolur op"]
[Site "Klaksvik"]
[Date "2022.04.03"]
[Round "6"]
[White "Solsker, Tummas Martin"]
[Black "Skaale, Janus"]
[Result "0-1"]
[WhiteElo "1863"]
[BlackElo "1893"]
[PlyCount "64"]
[EventDate "2022.04.01"]
[EventType "swiss"]
[EventRounds "7"]
[EventCountry "FAI"]
[SourceTitle "EXT 2023"]
[Source "ChessBase"]
[SourceDate "2022.10.05"]
[SourceVersion "1"]
[SourceVersionDate "2022.10.05"]
[SourceQuality "1"]

1. d4 d5 2. Nf3 Nf6 3. Bf4 e6 4. e3 Bd6 5. Bg3 0-0 6. Bd3 c5 7. c3 Qc7 8. Nbd2 Nbd7 9. Qe2 e5 10. e4 dxe4 11. Nxe4 Nxe4 12. Bxe4 exd4 13. 0-0 Nf6 14. Bxd6 Qxd6 15. Rad1 Re8 16. Ng5 h6 17. Nxf7 Kxf7 18. f3 Rb8 19. cxd4 cxd4 20. Qf2 Rd8 21. Rd3 Be6 22. Rfd1 Qb6 23. b3 Rbc8 24. h4 Kg8 25. Rxd4 Rxd4 26. Rxd4 Rc1+ 27. Kh2 Qc7+ 28. g3 Nxe4 29. Rxe4 Rc2 30. Re2 Bf5 31. f4 Rxe2 32. Qxe2 Qc2 0-1

[Event "Klaksvik Kjolur op"]
[Site "Klaksvik"]
[Date "2022.04.02"]
[Round "4"]
[White "Solsker, Tummas Martin"]
[Black "Thorhauge, Kenneth"]
[Result "0-1"]
[WhiteElo "1863"]
[BlackElo "1497"]
[PlyCount "88"]
[EventDate "2022.04.01"]
[EventType "swiss"]
[EventRounds "7"]
[EventCountry "FAI"]
[SourceTitle "EXT 2023"]
[Source "ChessBase"]
[SourceDate "2022.10.05"]
[SourceVersion "1"]
[SourceVersionDate "2022.10.05"]
[SourceQuality "1"]

1. d4 d5 2. Nf3 c5 3. e3 cxd4 4. exd4 Nc6 5. Bd3 Bg4 6. c3 f6 7. h3 Be6 8. Bf4 g5 9. Bg3 h5 10. Qe2 Qd7 11. Nbd2 Nh6 12. Nb3 b6 13. 0-0-0 Bf5 14. Bxf5 Nxf5 15. Qd3 Bh6 16. Kb1 Kf7 17. Bh2 Nd6 18. Nfd2 Qf5 19. Qxf5 Nxf5 20. g4 Ng7 21. c4 e6 22. Rhe1 Rhe8 23. Rc1 Nb4 24. cxd5 Nxd5 25. Nc4 Kg6 26. Ne3 Nf4 27. Bxf4 gxf4 28. gxh5+ Nxh5 29. Rg1+ Kh7 30. Rc7+ Bg7 31. Ng4 Rg8 32. Re7 Rae8 33. Rxa7 Kh8 34. Nd2 f5 35. Ne5 Bxe5 36. Rxg8+ Rxg8 37. dxe5 Rg2 38. Nf3 Rxf2 39. Ng5 Ng3 40. Ra4 f3 41. Rf4 Rf1+ 42. Kc2 f2 43. Nxe6 Rc1+ 44. Kxc1 Ne2+ 0-1

[Event "FAI-chT 2021"]
[Site "Faroe Islands"]
[Date "2020.11.22"]
[Round "5.4"]
[White "Solsker, Tummas Martin"]
[Black "Morkore, Rogvi"]
[Result "1-0"]
[WhiteElo "1843"]
[BlackElo "1592"]
[PlyCount "67"]
[EventDate "2020.10.04"]
[EventType "team-tourn"]
[EventRounds "10"]
[EventCountry "FAI"]
[SourceTitle "EXT 2022"]
[Source "ChessBase"]
[SourceDate "2021.10.06"]
[SourceVersion "1"]
[SourceVersionDate "2021.10.06"]
[SourceQuality "1"]
[WhiteTeam "Klaksvik II"]
[BlackTeam "Kollafjordur"]
[WhiteTeamCountry "FAI"]
[BlackTeamCountry "FAI"]

1. d4 Nf6 2. Nf3 e6 3. e3 d5 4. Bd3 c5 5. b3 Nc6 6. Bb2 cxd4 7. exd4 Bd6 8. 0-0 0-0 9. a3 Qc7 10. Qe2 Re8 11. Re1 h6 12. Nbd2 Ng4 13. Ne5 Ngxe5 14. dxe5 Bc5 15. Nf3 Qb6 16. b4 Be7 17. c4 dxc4 18. Bxc4 Bd7 19. Rad1 Rad8 20. Qe4 Bc8 21. Bd3 g6 22. h4 Kg7 23. h5 Nxb4 24. axb4 Qxb4 25. Bd4 Bd7 26. hxg6 Bc6 27. Qf4 fxg6 28. Qg4 Bg5 29. Nxg5 Rxd4 30. Nxe6+ Rxe6 31. Qxe6 Rxd3 32. Qf6+ Kh7 33. Rxd3 Qxe1+ 34. Kh2 1-0

[Event "FAI-chT2 1920"]
[Site "Faroe Islands"]
[Date "2019.10.27"]
[Round "2.3"]
[White "Naes, Jogvan"]
[Black "Solsker, Tummas Martin"]
[Result "1/2-1/2"]
[WhiteElo "1719"]
[BlackElo "1893"]
[PlyCount "24"]
[EventDate "2019.10.13"]
[EventType "team-tourn"]
[EventRounds "10"]
[EventCountry "FAI"]
[SourceTitle "CBM 195 Extra"]
[Source "ChessBase"]
[SourceDate "2020.05.31"]
[SourceVersion "1"]
[SourceVersionDate "2020.05.31"]
[SourceQuality "1"]
[WhiteTeam "Havnin III"]
[BlackTeam "Klaksvik II"]
[WhiteTeamCountry "FAI"]
[BlackTeamCountry "FAI"]

1. e4 e5 2. Nf3 Nf6 3. d4 Nxe4 4. Bd3 d5 5. dxe5 Be7 6. 0-0 0-0 7. c4 c6 8. Qc2 Na6 9. cxd5 Nb4 10. Qe2 Nxd3 11. Qxd3 cxd5 12. Nc3 Nxc3 1/2-1/2

[Event "FAI-chT 1819"]
[Site "Faroe Islands"]
[Date "2018.10.28"]
[Round "1.2"]
[White "Nolsoe, Rani"]
[Black "Solsker, Tummas Martin"]
[Result "1-0"]
[WhiteElo "2080"]
[BlackElo "1948"]
[PlyCount "73"]
[EventDate "2018.10.28"]
[EventType "team-tourn"]
[EventRounds "10"]
[EventCountry "FAI"]
[SourceTitle "CBM 189 Extra"]
[Source "ChessBase"]
[SourceDate "2019.06.03"]
[SourceVersion "1"]
[SourceVersionDate "2019.06.03"]
[SourceQuality "1"]
[WhiteTeam "Klaksvik"]
[BlackTeam "Klaksvik II"]
[WhiteTeamCountry "FAI"]
[BlackTeamCountry "FAI"]

1. e4 e5 2. Nf3 Nf6 3. d4 Nxe4 4. Bd3 d5 5. Nxe5 Nd7 6. Nxd7 Bxd7 7. 0-0 Bd6 8. c4 Qh4 9. g3 Nxg3 10. fxg3 Qxd4+ 11. Kg2 0-0-0 12. Nc3 dxc4 13. Bf5 Bc5 14. Qxd4 Bxd4 15. Bxd7+ Rxd7 16. Bf4 f6 17. h4 Re8 18. Rae1 Rde7 19. Rxe7 Rxe7 20. Kf3 c6 21. Rd1 Be5 22. Re1 b5 23. Bxe5 fxe5 24. Rd1 a5 25. Ne4 Rf7+ 26. Ke2 Kc7 27. Ng5 Rf6 28. Nxh7 Rf5 29. Ng5 c5 30. Ne6+ Kc6 31. Nxg7 Rf7 32. Ne6 Rf6 33. Ng5 b4 34. Ne4 Rg6 35. h5 Rh6 36. Rd6+ Rxd6 37. Nxd6 1-0

[Event "FAI-chT2 1718"]
[Site "Faroe Islands"]
[Date "2017.12.03"]
[Round "2.3"]
[White "Hojgaard, Brandur"]
[Black "Solsker, Tummas Martin"]
[Result "1/2-1/2"]
[WhiteElo "1747"]
[BlackElo "1968"]
[PlyCount "92"]
[EventDate "2017.10.22"]
[EventType "team-tourn"]
[EventRounds "10"]
[EventCountry "FAI"]
[SourceTitle "EXT 2020"]
[Source "ChessBase"]
[SourceDate "2019.10.17"]
[SourceVersion "1"]
[SourceVersionDate "2019.10.17"]
[SourceQuality "1"]
[WhiteTeam "Runavik"]
[BlackTeam "Klaksvik II"]
[WhiteTeamCountry "FAI"]
[BlackTeamCountry "FAI"]

1. d4 Nf6 2. Nf3 e6 3. Bf4 d5 4. e3 Bd6 5. Bg3 Bxg3 6. hxg3 c5 7. c3 Qe7 8. Nbd2 Nc6 9. Bd3 e5 10. dxe5 Nxe5 11. Nxe5 Qxe5 12. Bb5+ Bd7 13. Bxd7+ Nxd7 14. Rh5 Qe6 15. Nf3 f5 16. Qc2 g6 17. Rh4 0-0-0 18. b4 Kb8 19. bxc5 Nxc5 20. Rb4 Rd7 21. Rab1 Qa6 22. Rb5 Rc7 23. Nd4 Rhc8 24. Ne2 Ka8 25. Kf1 Ne4 26. Kg1 Nxc3 27. Nxc3 Rxc3 28. Qb2 Rc2 29. Qg7 R2c7 30. Qb2 Qc6 31. a4 Qc2 32. Qd4 Qe4 33. Qa1 a6 34. Rb6 Rd8 35. R6b4 d4 36. Rd1 Rcd7 37. Qb2 Qe7 38. Rbxd4 Rxd4 39. Rxd4 Rxd4 40. exd4 a5 41. Qc3 b6 42. d5 Qd7 43. Qe5 Kb7 44. d6 Kc6 45. Qb5+ Kxd6 46. Qxb6+ Qc6 1/2-1/2

[Event "FAI-chT 1516"]
[Site "Faroe Islands"]
[Date "2016.04.16"]
[Round "10.4"]
[White "Thomsen, Jonfinn"]
[Black "Solsker, Tummas Martin"]
[Result "0-1"]
[WhiteElo "1901"]
[BlackElo "1986"]
[PlyCount "134"]
[EventDate "2015.10.25"]
[EventType "team-tourn"]
[EventRounds "10"]
[EventCountry "FAI"]
[SourceTitle "EXT 2017"]
[Source "ChessBase"]
[SourceDate "2016.10.25"]
[SourceVersion "1"]
[SourceVersionDate "2016.10.25"]
[SourceQuality "1"]
[WhiteTeam "Sandavagur II"]
[BlackTeam "Klaksvik II"]
[WhiteTeamCountry "FAI"]
[BlackTeamCountry "FAI"]

1. e4 e5 2. Nf3 Nf6 3. d3 c6 4. Bg5 Be7 5. Be2 0-0 6. 0-0 d6 7. Nbd2 Nbd7 8. Re1 Nc5 9. Nf1 Ne6 10. Ng3 Nxg5 11. Nxg5 Qb6 12. Rb1 h6 13. Nf3 Ng4 14. Rf1 Be6 15. h3 Nf6 16. b3 Qc7 17. Kh1 a5 18. c4 Rfd8 19. Qc2 Nh7 20. Rfd1 c5 21. Nf1 Qd7 22. Kh2 Rf8 23. Ne3 f5 24. Nd5 Bxd5 25. cxd5 Nf6 26. Rg1 g5 27. g3 Rf7 28. Rbc1 Raf8 29. Bd1 Nh7 30. Rg2 fxe4 31. Ng1 exd3 32. Qxd3 Qf5 33. Qd2 e4 34. Bg4 Qe5 35. Be6 Kg7 36. Bxf7 Rxf7 37. Re1 Nf6 38. Rd1 b6 39. Ne2 Nh5 40. Qc3 Bf6 41. Qxe5 Bxe5 42. Kg1 Rf3 43. g4 Nf4 44. Nxf4 Bxf4 45. Re1 Rd3 46. Kf1 Rxd5 47. Rxe4 Rd1+ 48. Re1 Rd3 49. Re7+ Kf6 50. Rb7 Ke5 51. Rxb6 Ke4 52. Ke2 Rd2+ 53. Ke1 Rxa2 54. Rg3 Bxg3 55. fxg3 Ke3 56. Kd1 d5 57. Rxh6 Kd3 58. Ke1 a4 59. bxa4 Rxa4 60. h4 Rxg4 61. h5 Rxg3 62. Rg6 c4 63. h6 Rh3 64. Rxg5 d4 65. Rg7 Rxh6 66. Rg3+ Kc2 67. Rg2+ Kc3 0-1

[Event "FAI-chT 1516"]
[Site "Faroe Islands"]
[Date "2016.02.14"]
[Round "6.4"]
[White "Skorastein, Simun"]
[Black "Solsker, Tummas Martin"]
[Result "0-1"]
[WhiteElo "1708"]
[BlackElo "1986"]
[PlyCount "80"]
[EventDate "2015.10.25"]
[EventType "team-tourn"]
[EventRounds "10"]
[EventCountry "FAI"]
[SourceTitle "EXT 2017"]
[Source "ChessBase"]
[SourceDate "2016.10.25"]
[SourceVersion "1"]
[SourceVersionDate "2016.10.25"]
[SourceQuality "1"]
[WhiteTeam "Klaksvik II"]
[BlackTeam "Klaksvik"]
[WhiteTeamCountry "FAI"]
[BlackTeamCountry "FAI"]

1. d4 d5 2. Nf3 Nf6 3. Bf4 e6 4. e3 Bd6 5. Bxd6 Qxd6 6. c3 0-0 7. Be2 Nbd7 8. Nbd2 c5 9. 0-0 b6 10. Re1 Bb7 11. Rc1 c4 12. Qc2 b5 13. Nf1 Ne4 14. Ng3 f5 15. b3 Bc6 16. bxc4 bxc4 17. Rb1 Rab8 18. Nh5 Qa3 19. Nf4 Nxc3 20. Nxe6 Ba4 21. Qc1 Nxb1 22. Nxf8 Kxf8 23. Bxc4 Qxc1 24. Rxc1 dxc4 25. Rxc4 Na3 26. Rc1 Rb1 27. Rxb1 Nxb1 28. Kf1 Nc3 29. Ke1 Nxa2 30. Kd2 Bc6 31. Ne1 Ke7 32. f3 Nb4 33. Kc3 Nd5+ 34. Kd2 N7f6 35. Nd3 Bb5 36. Ne5 a5 37. Nd3 Bxd3 38. Kxd3 a4 39. e4 fxe4+ 40. fxe4 Nxe4 0-1

[Event "Oyri Rokur op"]
[Site "Oyri"]
[Date "2016.01.31"]
[Round "6"]
[White "Finnsson, Eli W"]
[Black "Solsker, Tummas Martin"]
[Result "0-1"]
[WhiteElo "1444"]
[BlackElo "1985"]
[PlyCount "44"]
[EventDate "2016.01.29"]
[EventType "swiss"]
[EventRounds "7"]
[EventCountry "FAI"]
[SourceTitle "EXT 2017"]
[Source "ChessBase"]
[SourceDate "2016.10.25"]
[SourceVersion "1"]
[SourceVersionDate "2016.10.25"]
[SourceQuality "1"]

1. e4 e5 2. Nf3 Nf6 3. Nc3 Bb4 4. Bc4 d6 5. d3 0-0 6. Bg5 c6 7. h3 d5 8. exd5 cxd5 9. Bxf6 gxf6 10. Bb3 d4 11. Qd2 Be6 12. g4 Nd7 13. g5 Rc8 14. Rg1 dxc3 15. gxf6+ Kh8 16. Qh6 Qxf6 17. Qxf6+ Nxf6 18. Rb1 Bxb3 19. axb3 cxb2+ 20. Kd1 e4 21. dxe4 Nxe4 22. Rxb2 Ba3 0-1

[Event "Oyri Rokur op"]
[Site "Oyri"]
[Date "2016.01.30"]
[Round "5"]
[White "Solsker, Tummas Martin"]
[Black "Johannesen, Bergur"]
[Result "1-0"]
[WhiteElo "1985"]
[BlackElo "1387"]
[PlyCount "23"]
[EventDate "2016.01.29"]
[EventType "swiss"]
[EventRounds "7"]
[EventCountry "FAI"]
[SourceTitle "EXT 2017"]
[Source "ChessBase"]
[SourceDate "2016.10.25"]
[SourceVersion "1"]
[SourceVersionDate "2016.10.25"]
[SourceQuality "1"]

1. e4 c5 2. Nf3 Nc6 3. d4 cxd4 4. Nxd4 e6 5. Nc3 Bb4 6. Ndb5 Bxc3+ 7. bxc3 d5 8. exd5 exd5 9. Qxd5 Qxd5 10. Nc7+ Kf8 11. Nxd5 Bf5 12. Ba3+ 1-0

[Event "FAI-chT 1516"]
[Site "Faroe Islands"]
[Date "2015.10.25"]
[Round "1.2"]
[White "Berg, Runar"]
[Black "Solsker, Tummas Martin"]
[Result "1-0"]
[WhiteElo "2114"]
[BlackElo "1986"]
[PlyCount "69"]
[EventDate "2015.10.25"]
[EventType "team-tourn"]
[EventRounds "10"]
[EventCountry "FAI"]
[SourceTitle "EXT 2017"]
[Source "ChessBase"]
[SourceDate "2016.10.25"]
[SourceVersion "1"]
[SourceVersionDate "2016.10.25"]
[SourceQuality "1"]
[WhiteTeam "Klaksvik"]
[BlackTeam "Klaksvik II"]
[WhiteTeamCountry "FAI"]
[BlackTeamCountry "FAI"]

1. e4 e5 2. Nf3 Nf6 3. d4 Nxe4 4. dxe5 d5 5. Bd3 Be7 6. h3 0-0 7. 0-0 Nc5 8. Nc3 Nxd3 9. Qxd3 c6 10. Bf4 Na6 11. Nd4 Nc5 12. Qe3 Ne6 13. Nxe6 Bxe6 14. Rad1 Qa5 15. Qg3 Rfd8 16. Bh6 Bf8 17. Bg5 Rd7 18. Rd4 Bf5 19. Rf4 Bg6 20. Qg4 Qc7 21. h4 h5 22. Qh3 Re8 23. Rf3 Bxc2 24. Bf4 Re6 25. Rc1 Bg6 26. Rd1 Qb6 27. Rg3 Kh7 28. Rxg6 Kxg6 29. Qd3+ f5 30. exf6+ Kxf6 31. Qf3 Kg6 32. Qd3+ Kf7 33. Qf5+ Ke7 34. Bg5+ Kd6 35. Qxf8+ 1-0

[Event "FAI-chT 1415"]
[Site "Faroe Islands"]
[Date "2015.03.21"]
[Round "10.4"]
[White "Jacobsen, Heidrikur Tindskar"]
[Black "Solsker, Tummas Martin"]
[Result "1/2-1/2"]
[WhiteElo "1933"]
[BlackElo "1971"]
[PlyCount "125"]
[EventDate "2014.10.26"]
[EventType "team-tourn"]
[EventRounds "10"]
[EventCountry "FAI"]
[SourceTitle "EXT 2019"]
[Source "ChessBase"]
[SourceDate "2018.10.10"]
[SourceVersion "1"]
[SourceVersionDate "2018.10.10"]
[SourceQuality "1"]
[WhiteTeam "Havnin"]
[BlackTeam "Klaksvik II"]
[WhiteTeamCountry "FAI"]
[BlackTeamCountry "FAI"]

1. f4 d5 2. Nf3 Nf6 3. e3 e6 4. b3 Be7 5. Be2 0-0 6. 0-0 c5 7. Bb2 Nc6 8. d3 Ng4 9. Bc1 f5 10. h3 Nh6 11. Bb2 Bf6 12. Ne5 Bxe5 13. fxe5 d4 14. exd4 cxd4 15. Ba3 Re8 16. Qe1 Nf7 17. Bh5 g6 18. Qg3 Qg5 19. Qxg5 Nxg5 20. Be2 Nf7 21. Nd2 Nfxe5 22. Rae1 b6 23. Bd1 Bb7 24. Rf2 Kf7 25. Rfe2 Kf6 26. Bb2 Rad8 27. a3 g5 28. b4 g4 29. b5 gxh3 30. bxc6 Nxc6 31. gxh3 Rg8+ 32. Kh2 Ne5 33. Rf2 h5 34. Bf3 Nxf3+ 35. Nxf3 Bxf3 36. Rxf3 e5 37. Ref1 f4 38. Rg1 Kf5 39. Rf2 b5 40. Bc1 Rxg1 41. Kxg1 Rc8 42. Rg2 a5 43. Kf1 b4 44. axb4 axb4 45. Bd2 Rxc2 46. Bxb4 Rc1+ 47. Ke2 e4 48. dxe4+ Kxe4 49. Rg5 d3+ 50. Kd2 Rc2+ 51. Ke1 Rh2 52. Rxh5 Kf3 53. Rh4 d2+ 54. Kd1 Ke3 55. Kc2 f3 56. Rh8 d1Q+ 57. Kxd1 Rh1+ 58. Kc2 Rh2+ 59. Kb3 f2 60. Bc5+ Ke4 61. Bxf2 Rxf2 62. h4 Rh2 63. h5 1/2-1/2

[Event "FAI-chT 1415"]
[Site "Faroe Islands"]
[Date "2014.10.26"]
[Round "1.1"]
[White "Solsker, Tummas Martin"]
[Black "Simonsen, Olavur"]
[Result "0-1"]
[WhiteElo "1971"]
[BlackElo "2211"]
[PlyCount "62"]
[EventDate "2014.10.26"]
[EventType "team-tourn"]
[EventRounds "10"]
[EventCountry "FAI"]
[SourceTitle "CBM 163 Extra"]
[Source "ChessBase"]
[SourceDate "2014.12.23"]
[SourceVersion "1"]
[SourceVersionDate "2014.12.23"]
[SourceQuality "1"]
[WhiteTeam "Klaksvik II"]
[BlackTeam "Klaksvik"]
[WhiteTeamCountry "FAI"]
[BlackTeamCountry "FAI"]

1. d4 d5 2. Nf3 Nc6 3. g3 Bg4 4. Bg2 Qd7 5. Bf4 0-0-0 6. Nc3 f6 7. Qd2 g5 8. Be3 Bh3 9. Bxh3 Qxh3 10. 0-0-0 e6 11. Ne1 Nh6 12. f3 Nf5 13. Bf2 Bd6 14. g4 Ng3 15. Bxg3 Bxg3 16. Nd3 Bd6 17. Nb5 h5 18. Rdg1 hxg4 19. Rxg4 Bxh2 20. Rd1 Bd6 21. Nxd6+ cxd6 22. Nb4 Nxb4 23. Qxb4 Qh7 24. Rd3 Kb8 25. c4 dxc4 26. Re3 Qf5 27. d5 Rh1+ 28. Kd2 Qxd5+ 29. Kc2 Qd1+ 30. Kc3 Qc1+ 31. Kd4 Rd1+ 0-1

[Event "FAI-ch"]
[Site "Klaksvik"]
[Date "2014.04.19"]
[Round "9"]
[White "Jacobsen, Heidrikur Tindskar"]
[Black "Solsker, Tummas Martin"]
[Result "1/2-1/2"]
[WhiteElo "1918"]
[BlackElo "1948"]
[PlyCount "143"]
[EventDate "2014.04.12"]
[EventType "tourn"]
[EventRounds "9"]
[EventCountry "FAI"]
[SourceTitle "EXT 2016"]
[Source "ChessBase"]
[SourceDate "2015.10.08"]
[SourceVersion "1"]
[SourceVersionDate "2015.10.08"]
[SourceQuality "1"]

1. Nc3 d5 2. Nf3 Nf6 3. d4 e6 4. a3 c5 5. e3 Be7 6. Bd3 0-0 7. 0-0 Nc6 8. dxc5 Bxc5 9. e4 d4 10. Ne2 e5 11. Bg5 Bg4 12. Ng3 h6 13. Bd2 Qc7 14. h3 Be6 15. Nh4 Ne7 16. Qf3 Ne8 17. Nhf5 Nxf5 18. Nxf5 Bxf5 19. Qxf5 Bd6 20. g3 Qc8 21. Qxc8 Rxc8 22. f4 f6 23. f5 a6 24. g4 Be7 25. a4 Rc6 26. b4 Rc7 27. Rfb1 Nd6 28. b5 Nc4 29. Be1 Rfc8 30. Ra2 Kf8 31. Kf2 Na3 32. Rbb2 Nc4 33. Rb3 Ne3 34. Ba5 b6 35. Bxb6 Rc3 36. Rxc3 Nd1+ 37. Kf3 Nxc3 38. Ra1 axb5 39. a5 Bd8 40. Bxd8 Rxd8 41. a6 Ra8 42. a7 Ke7 43. Kg3 Kd6 44. Kh4 Kc5 45. Ra6 Kb4 46. Ra1 Kc5 47. Kh5 Na4 48. Rb1 Nc3 49. Ra1 Na4 50. Rb1 b4 51. h4 Rxa7 52. g5 hxg5 53. hxg5 fxg5 54. Kxg5 Rb7 55. Ra1 Nb2 56. Ra5+ Kd6 57. Rd5+ Ke7 58. Rxe5+ Kf8 59. Bf1 Rc7 60. Rd5 Rxc2 61. Rxd4 b3 62. e5 Nd1 63. e6 b2 64. Rd8+ Ke7 65. Rd7+ Ke8 66. Rb7 Nc3 67. Bd3 b1Q 68. Rxb1 Rg2+ 69. Kf4 Nxb1 70. Bxb1 Ke7 71. Be4 Rb2 72. Kg5 1/2-1/2

[Event "FAI-ch"]
[Site "Klaksvik"]
[Date "2014.04.17"]
[Round "7"]
[White "Nielsen, Rogvi Egilstoft"]
[Black "Solsker, Tummas Martin"]
[Result "1/2-1/2"]
[WhiteElo "2243"]
[BlackElo "1948"]
[PlyCount "111"]
[EventDate "2014.04.12"]
[EventType "tourn"]
[EventRounds "9"]
[EventCountry "FAI"]
[SourceTitle "EXT 2016"]
[Source "ChessBase"]
[SourceDate "2015.10.08"]
[SourceVersion "1"]
[SourceVersionDate "2015.10.08"]
[SourceQuality "1"]

1. e4 e5 2. Bc4 Nf6 3. d3 c6 4. Nf3 Be7 5. Nbd2 Qc7 6. Bb3 0-0 7. Nf1 d5 8. Ng3 Na6 9. Qe2 Re8 10. 0-0 Nc5 11. Bg5 a5 12. exd5 a4 13. Bc4 b5 14. d4 e4 15. dxc5 exf3 16. Qxf3 Bg4 17. Qa3 Qe5 18. Bxf6 Bxf6 19. Bd3 Qxd5 20. h3 Qd4 21. Rae1 Be6 22. Nf5 Qxb2 23. Qxb2 Bxb2 24. Nd6 Reb8 25. Re4 Bxa2 26. f4 Bd5 27. Ree1 a3 28. Nf5 a2 29. Ra1 Bxa1 30. Rxa1 Bc4 31. Ne7+ Kf8 32. Nxc6 Rc8 33. Ne5 Ra4 34. Nd7+ Kg8 35. Nb6 Rb4 36. c3 Rb1+ 37. Bxb1 axb1Q+ 38. Rxb1 Rxc5 39. Nxc4 Rxc4 40. Rxb5 h6 41. Rb8+ Kh7 42. Rb3 Rxf4 43. Rb4 Rf6 44. Rc4 h5 45. Rc7 Kg6 46. c4 Rf4 47. Rc6+ f6 48. Rc7 h4 49. c5 Rc4 50. Kf2 Rc2+ 51. Kf3 Kh6 52. c6 Kg6 53. Rc8 Kf5 54. c7 g5 55. Ke3 Rc1 56. Kd2 1/2-1/2